Senior Art centrum

Gespeichert in:
Bibliographische Detailangaben
1. Verfasser: Špiesz, Peter (Verfasst von)
Weitere Verfasser: Maciak, Andrej (Betreuung Doktorarbeit)
Format: Manuskript Buch
Sprache:Slowakisch
Veröffentlicht: Bratislava 2018
Schlagworte:
Online-Zugang:http://is.stuba.sk/zp/portal_zp.pl?podrobnosti=111981
Tags: Tag hinzufügen
Keine Tags, Fügen Sie das erste Tag hinzu!

MARC

LEADER 00000ntm a22000003a 4500
001 stuzp63766
003 SK-STU
005 20210129105545.7
007 ta
008 150427s2015----xo-----f-mn---000-0-slo-d
040 |a STU  |b slo 
041 0 |a slo 
100 1 |a Špiesz, Peter  |u 054140  |4 aut  |U FAD Fakulta architektúry  |T FA Ústav konštrukcií v architektúre a inžinierskych stavieb  |X 65403  |U A4140  |Y 395  |7 65403 
242 0 1 |a Senior art center  |y eng 
245 1 0 |a Senior Art centrum 
260 |c 2018  |a Bratislava 
650 4 |a senior  |2 slo 
650 4 |a art  |2 slo 
650 4 |a architektúra  |2 slo 
650 4 |a art  |2 eng 
650 4 |a senior  |2 eng 
650 4 |a center  |2 eng 
700 1 |a Maciak, Andrej  |u 054140  |k Z8  |4 ths  |U FAD Fakulta architektúry  |T FA Ústav konštrukcií v architektúre a inžinierskych stavieb  |X 18828  |U A4140  |Y 395  |7 A000018828 
856 4 |u http://is.stuba.sk/zp/portal_zp.pl?podrobnosti=111981  |u https://opac.crzp.sk/?fn=detailBiblioForm&sid=85D30AFD358849054C9BB34E20A9